[Event "imp"]
[Site "?"]
[Date "2015.03.30"]
[Round "7.5"]
[White "Olszewski, Michal"]
[Black "Socko, Bartosz"]
[Result "1/2-1/2"]
[LiveChessVersion "1.4.4"]
[BlackElo "2623"]
[WhiteElo "2567"]

1. d4 {[%clk 1:30:57]} Nf6 {[%clk 1:30:54]} 2. c4 {[%clk 1:30:56]} e6
{[%clk 1:31:18]} 3. Nf3 {[%clk 1:31:18]} b6 {[%clk 1:31:38]} 4. Bf4
{[%clk 1:30:52]} Bb7 {[%clk 1:31:33]} 5. e3 {[%clk 1:31:17]} Be7 {[%clk 1:30:16]}
6. Nc3 {[%clk 1:31:38]} Nh5 {[%clk 1:29:40]} 7. Bd3 {[%clk 1:31:45]} d6
{[%clk 1:28:02]} 8. Qe2 {[%clk 1:30:44]} Nd7 {[%clk 1:26:22]} 9. O-O-O
{[%clk 1:25:20]} c5 {[%clk 1:25:00]} 10. d5 {[%clk 1:24:09]} e5 {[%clk 1:16:14]}
11. Bg3 {[%clk 1:23:39]} g6 {[%clk 1:16:31]} 12. Nd2 {[%clk 1:18:48]} a6
{[%clk 1:15:43]} 13. f3 {[%clk 1:16:55]} f5 {[%clk 1:12:10]} 14. Bf2
{[%clk 1:13:12]} Nhf6 {[%clk 1:10:42]} 15. h3 {[%clk 1:08:05]} O-O
{[%clk 1:07:45]} 16. g4 {[%clk 1:00:26]} e4 {[%clk 0:56:03]} 17. Bc2
{[%clk 0:56:33]} exf3 {[%clk 0:55:21]} 18. Nxf3 {[%clk 0:56:59]} fxg4
{[%clk 0:55:37]} 19. hxg4 {[%clk 0:50:14]} Ne8 {[%clk 0:39:26]} 20. Bg3
{[%clk 0:30:08]} Rf7 {[%clk 0:38:48]} 21. Ne4 {[%clk 0:27:33]} Nf8
{[%clk 0:38:34]} 22. Bf4 {[%clk 0:24:53]} Bc8 {[%clk 0:38:47]} 23. Nfg5
{[%clk 0:24:18]} Rg7 {[%clk 0:38:29]} 24. Ne6 {[%clk 0:21:15]} Nxe6
{[%clk 0:35:26]} 25. dxe6 {[%clk 0:21:40]} Bxe6 {[%clk 0:35:44]} 26. Be5
{[%clk 0:20:43]} Rf7 {[%clk 0:31:00]} 27. Qh2 {[%clk 0:16:29]} Ra7
{[%clk 0:16:02]} 28. Qh6 {[%clk 0:11:09]} dxe5 {[%clk 0:10:04]} 29. Rxd8
{[%clk 0:11:35]} Bxd8 {[%clk 0:10:27]} 30. Ng5 {[%clk 0:11:06]} Bxg5
{[%clk 0:10:50]} 31. Qxg5 {[%clk 0:11:32]} Rae7 {[%clk 0:10:17]} 32. Qh4
{[%clk 0:09:04]} Bxc4 {[%clk 0:07:34]} 33. Bxg6 {[%clk 0:09:22]} Rg7
{[%clk 0:08:01]} 34. Bf5 {[%clk 0:08:29]} Bxa2 {[%clk 0:07:04]} 35. Qh6
{[%clk 0:07:28]} b5 {[%clk 0:06:06]} 36. Qxa6 {[%clk 0:06:09]} Bd5
{[%clk 0:06:31]} 37. Rd1 {[%clk 0:03:30]} Bf3 {[%clk 0:06:23]} 38. Rd8
{[%clk 0:01:20]} Bxg4 {[%clk 0:06:40]} 39. Qc8 {[%clk 0:00:54]} Bh5
{[%clk 0:06:43]} 40. Be6+ {[%clk 0:30:55]} Kf8 {[%clk 0:32:09]} 41. Qxc5
{[%clk 0:29:47]} Bf7 {[%clk 0:31:45]} 42. Bxf7 {[%clk 0:23:08]} Kxf7
{[%clk 0:31:49]} 43. Qd5+ {[%clk 0:23:13]} Kg6 {[%clk 0:29:33]} 44. Qxb5
{[%clk 0:22:35]} Nf6 {[%clk 0:29:56]} 45. Qd3+ {[%clk 0:21:53]} e4
{[%clk 0:30:07]} 46. Qd6 {[%clk 0:21:55]} h5 {[%clk 0:28:48]} 47. b4
{[%clk 0:21:40]} h4 {[%clk 0:29:13]} 48. Qf4 {[%clk 0:20:54]} Rd7
{[%clk 0:25:57]} 49. Rxd7 {[%clk 0:19:55]} Rxd7 {[%clk 0:26:21]} 50. Qxh4
{[%clk 0:19:54]} Kf5 {[%clk 0:26:30]} 51. Kc2 {[%clk 0:17:45]} Rc7+
{[%clk 0:26:06]} 52. Kb3 {[%clk 0:17:40]} Nd5 {[%clk 0:26:31]} 53. Qh8
{[%clk 0:16:33]} Ke6 {[%clk 0:25:27]} 54. b5 {[%clk 0:15:33]} Rc1
{[%clk 0:23:44]} 55. Ka4 {[%clk 0:12:28]} Rc3 {[%clk 0:23:37]} 56. Qe8+
{[%clk 0:10:06]} Kd6 {[%clk 0:23:51]} 57. Qd8+ {[%clk 0:10:31]} Kc5
{[%clk 0:23:09]} 58. Qc8+ {[%clk 0:10:42]} Kd6 {[%clk 0:23:01]} 59. Qa6+
{[%clk 0:10:37]} Kd7 {[%clk 0:22:33]} 60. Qa7+ {[%clk 0:10:14]} Rc7
{[%clk 0:16:54]} 61. Qd4 {[%clk 0:10:20]} Kd6 {[%clk 0:17:21]} 62. Ka5
{[%clk 0:08:22]} Rc3 {[%clk 0:17:29]} 63. Ka6 {[%clk 0:07:44]} Rxe3
{[%clk 0:16:59]} 64. Qc4 {[%clk 0:03:00]} Ra3+ {[%clk 0:15:53]} 65. Kb7
{[%clk 0:03:23]} e3 {[%clk 0:15:21]} 66. b6 {[%clk 0:02:28]} Rc3 {[%clk 0:15:12]}
67. Qa2 {[%clk 0:01:08]} Kc5 {[%clk 0:11:30]} 68. Ka7 {[%clk 0:00:40]} Nb4
{[%clk 0:11:13]} 69. Qa5+ {[%clk 0:00:40]} Kc4 {[%clk 0:11:38]} 70. Qf5
{[%clk 0:00:36]} Nc6+ {[%clk 0:10:17]} 71. Kb7 {[%clk 0:00:58]} Nd4
{[%clk 0:10:39]} 72. Qe4 {[%clk 0:00:40]} e2 {[%clk 0:11:03]} 73. Kc8
{[%clk 0:00:43]} Rc1 {[%clk 0:08:53]} 74. b7 {[%clk 0:00:54]} e1=Q
{[%clk 0:09:10]} 75. Qxe1 {[%clk 0:01:18]} Rxe1 {[%clk 0:09:36]} 76. b8=Q
{[%clk 0:01:39]} Re8+ {[%clk 0:10:03]} 77. Kb7 {[%clk 0:02:03]} Rxb8+
{[%clk 0:10:30]} 78. Kxb8 {[%clk 0:02:27]} 1/2-1/2

[Event "imp"]
[Site "?"]
[Date "2015.03.30"]
[Round "7.6"]
[White "Bartel, Mateusz"]
[Black "Mista, Aleksander"]
[Result "1-0"]
[LiveChessVersion "1.4.4"]
[BlackElo "2597"]
[WhiteElo "2627"]

1. e4 {[%clk 1:30:58]} e5 {[%clk 1:30:56]} 2. Nf3 {[%clk 1:31:19]} Nc6
{[%clk 1:31:23]} 3. Bb5 {[%clk 1:31:39]} a6 {[%clk 1:31:48]} 4. Ba4
{[%clk 1:32:04]} Nf6 {[%clk 1:32:13]} 5. d3 {[%clk 1:32:03]} b5 {[%clk 1:32:36]}
6. Bb3 {[%clk 1:32:29]} Be7 {[%clk 1:32:57]} 7. h3 {[%clk 1:32:20]} O-O
{[%clk 1:29:03]} 8. O-O {[%clk 1:32:43]} d6 {[%clk 1:28:56]} 9. Bd2
{[%clk 1:33:06]} Be6 {[%clk 1:20:21]} 10. Nc3 {[%clk 1:33:30]} Na5
{[%clk 1:00:12]} 11. Bxe6 {[%clk 1:29:36]} fxe6 {[%clk 1:00:36]} 12. a4
{[%clk 1:30:00]} b4 {[%clk 0:58:36]} 13. Ne2 {[%clk 1:27:12]} c5 {[%clk 0:59:02]}
14. Ng5 {[%clk 1:21:11]} Qd7 {[%clk 0:59:13]} 15. f4 {[%clk 1:21:34]} Nh5
{[%clk 0:49:06]} 16. fxe5 {[%clk 1:21:16]} dxe5 {[%clk 0:49:05]} 17. Nf3
{[%clk 1:20:46]} Nc6 {[%clk 0:49:13]} 18. Be3 {[%clk 1:17:39]} Nf4
{[%clk 0:43:33]} 19. Qd2 {[%clk 1:15:18]} Bd6 {[%clk 0:39:51]} 20. c3
{[%clk 1:12:16]} Rad8 {[%clk 0:38:14]} 21. Rad1 {[%clk 1:08:14]} Qb7
{[%clk 0:31:26]} 22. Kh1 {[%clk 1:00:16]} Na5 {[%clk 0:18:49]} 23. Bxf4
{[%clk 0:53:57]} exf4 {[%clk 0:19:16]} 24. e5 {[%clk 0:54:17]} Be7
{[%clk 0:18:36]} 25. Nxf4 {[%clk 0:53:43]} Nc4 {[%clk 0:18:37]} 26. Qc1
{[%clk 0:52:58]} Nxb2 {[%clk 0:18:23]} 27. Nxe6 {[%clk 0:52:47]} Nxd1
{[%clk 0:17:48]} 28. Nxd8 {[%clk 0:53:10]} Bxd8 {[%clk 0:17:21]} 29. cxb4
{[%clk 0:52:17]} cxb4 {[%clk 0:16:46]} 30. Qxd1 {[%clk 0:52:02]} b3
{[%clk 0:16:02]} 31. d4 {[%clk 0:50:50]} Qd5 {[%clk 0:15:01]} 32. Qd3
{[%clk 0:50:59]} Be7 {[%clk 0:12:09]} 33. Rb1 {[%clk 0:46:25]} Rb8
{[%clk 0:12:32]} 34. Qc3 {[%clk 0:46:43]} Rb4 {[%clk 0:06:37]} 35. Qc8+
{[%clk 0:45:32]} Bf8 {[%clk 0:06:43]} 36. Qxa6 {[%clk 0:33:12]} b2
{[%clk 0:06:01]} 37. Qe2 {[%clk 0:31:13]} Qb3 {[%clk 0:03:51]} 38. Kh2
{[%clk 0:28:18]} Rb8 {[%clk 0:02:39]} 39. a5 {[%clk 0:28:35]} Qf7
{[%clk 0:00:38]} 40. Rxb2 {[%clk 0:50:21]} Qf4+ {[%clk 0:30:50]} 41. g3
{[%clk 0:50:46]} Rxb2 {[%clk 0:30:50]} 42. Qxb2 {[%clk 0:51:11]} Qxf3
{[%clk 0:31:12]} 43. Qa2+ {[%clk 0:51:36]} Kh8 {[%clk 0:31:32]} 44. a6
{[%clk 0:51:55]} h5 {[%clk 0:28:22]} 45. a7 {[%clk 0:49:39]} Qa8 {[%clk 0:27:33]}
46. Qf7 {[%clk 0:49:47]} h4 {[%clk 0:27:15]} 47. gxh4 {[%clk 0:48:23]} Bb4
{[%clk 0:22:38]} 48. Qb3 {[%clk 0:47:06]} Bf8 {[%clk 0:18:50]} 49. Qb8
{[%clk 0:46:05]} Qf3 {[%clk 0:19:14]} 50. a8=Q {[%clk 0:46:29]} Qf4+
{[%clk 0:19:42]} 51. Kg2 {[%clk 0:46:51]} Qd2+ {[%clk 0:20:08]} 52. Kg3
{[%clk 0:47:08]} Qe1+ {[%clk 0:20:32]} 53. Kg4 {[%clk 0:46:51]} Qg1+
{[%clk 0:19:53]} 54. Kf5 {[%clk 0:45:20]} Qf1+ {[%clk 0:19:59]} 55. Ke6
{[%clk 0:44:56]} Qxh3+ {[%clk 0:20:12]} 56. Kf7 {[%clk 0:45:10]} 1-0

[Event "imp"]
[Site "?"]
[Date "2015.03.30"]
[Round "7.7"]
[White "Sieciechowicz, Marcin"]
[Black "Weichhold, Pawel"]
[Result "1-0"]
[LiveChessVersion "1.4.4"]
[BlackElo "2404"]
[WhiteElo "2447"]

1. d4 {[%clk 1:30:58]} Nf6 {[%clk 1:30:57]} 2. c4 {[%clk 1:31:11]} g6
{[%clk 1:31:23]} 3. Nc3 {[%clk 1:30:55]} Bg7 {[%clk 1:31:48]} 4. e4
{[%clk 1:31:21]} d6 {[%clk 1:32:10]} 5. f4 {[%clk 1:30:59]} O-O {[%clk 1:31:48]}
6. Nf3 {[%clk 1:31:09]} Na6 {[%clk 1:31:08]} 7. Be2 {[%clk 1:29:53]} e5
{[%clk 1:07:01]} 8. fxe5 {[%clk 1:29:59]} dxe5 {[%clk 1:07:21]} 9. d5
{[%clk 1:30:11]} c6 {[%clk 1:01:20]} 10. O-O {[%clk 1:28:55]} cxd5
{[%clk 1:00:12]} 11. cxd5 {[%clk 1:26:45]} Qb6+ {[%clk 0:51:07]} 12. Kh1
{[%clk 1:27:08]} Ng4 {[%clk 0:48:40]} 13. Qe1 {[%clk 1:26:31]} Nb4
{[%clk 0:47:26]} 14. Na4 {[%clk 1:23:41]} Qd6 {[%clk 0:46:57]} 15. Qd1
{[%clk 0:44:21]} Bd7 {[%clk 0:35:22]} 16. h3 {[%clk 0:36:43]} Nf6
{[%clk 0:32:52]} 17. Nd2 {[%clk 0:35:58]} Rac8 {[%clk 0:23:36]} 18. Nc3
{[%clk 0:32:50]} Nh5 {[%clk 0:17:44]} 19. Kh2 {[%clk 0:29:58]} Nf4
{[%clk 0:14:03]} 20. Nc4 {[%clk 0:27:19]} Qb8 {[%clk 0:14:08]} 21. a4
{[%clk 0:21:08]} Nxe2 {[%clk 0:10:54]} 22. Qxe2 {[%clk 0:21:15]} Nc2
{[%clk 0:10:37]} 23. Qxc2 {[%clk 0:20:42]} Rxc4 {[%clk 0:11:05]} 24. Be3
{[%clk 0:19:53]} Kh8 {[%clk 0:08:58]} 25. Qe2 {[%clk 0:16:27]} Rcc8
{[%clk 0:08:22]} 26. Qf2 {[%clk 0:15:49]} a6 {[%clk 0:07:37]} 27. Bc5
{[%clk 0:14:32]} f5 {[%clk 0:04:29]} 28. Bxf8 {[%clk 0:14:26]} Rxf8
{[%clk 0:04:58]} 29. Qc5 {[%clk 0:11:32]} Rf7 {[%clk 0:05:19]} 30. d6
{[%clk 0:11:07]} Qd8 {[%clk 0:03:59]} 31. Rae1 {[%clk 0:09:31]} f4
{[%clk 0:04:14]} 32. Nd5 {[%clk 0:08:36]} Qh4 {[%clk 0:04:01]} 33. Qf2
{[%clk 0:07:47]} Qh6 {[%clk 0:04:30]} 34. Nb6 {[%clk 0:06:54]} g5
{[%clk 0:03:20]} 35. Nxd7 {[%clk 0:06:12]} Rxd7 {[%clk 0:03:42]} 36. Qc5
{[%clk 0:05:26]} Rxd6 {[%clk 0:02:54]} 37. Rd1 {[%clk 0:04:40]} Rd4
{[%clk 0:02:11]} 38. Qc8+ {[%clk 0:03:09]} Bf8 {[%clk 0:02:40]} 39. Qf5
{[%clk 0:02:43]} Qg7 {[%clk 0:01:13]} 40. Rxd4 {[%clk 0:32:20]} exd4
{[%clk 0:31:42]} 1-0

[Event "imp"]
[Site "?"]
[Date "2015.03.30"]
[Round "7.8"]
[White "Matuszewski, Michal"]
[Black "Kolosowski, Mateusz"]
[Result "1/2-1/2"]
[LiveChessVersion "1.4.4"]
[BlackElo "2443"]
[WhiteElo "2463"]

1. Nf3 {[%clk 1:30:53]} c5 {[%clk 1:30:46]} 2. c4 {[%clk 1:31:08]} Nc6
{[%clk 1:31:11]} 3. g3 {[%clk 1:31:18]} g6 {[%clk 1:31:34]} 4. Bg2
{[%clk 1:31:31]} Bg7 {[%clk 1:31:58]} 5. O-O {[%clk 1:31:25]} e6 {[%clk 1:32:16]}
6. e4 {[%clk 1:23:02]} Nge7 {[%clk 1:32:17]} 7. Nc3 {[%clk 1:09:50]} O-O
{[%clk 1:32:19]} 8. Re1 {[%clk 1:06:07]} d5 {[%clk 1:17:46]} 9. cxd5
{[%clk 1:05:14]} exd5 {[%clk 1:18:00]} 10. Nxd5 {[%clk 1:05:36]} Nxd5
{[%clk 1:18:23]} 11. exd5 {[%clk 1:06:00]} Qxd5 {[%clk 1:12:51]} 12. Ne5
{[%clk 0:59:46]} Qd6 {[%clk 1:13:11]} 13. Nxc6 {[%clk 1:00:06]} bxc6
{[%clk 1:13:35]} 14. d3 {[%clk 0:59:09]} Bf5 {[%clk 0:45:04]} 15. Bf4
{[%clk 0:55:58]} Qxd3 {[%clk 0:44:55]} 16. Qxd3 {[%clk 0:55:47]} Bxd3
{[%clk 0:45:23]} 17. Rad1 {[%clk 0:55:49]} c4 {[%clk 0:39:36]} 18. Bxc6
{[%clk 0:55:17]} Rac8 {[%clk 0:36:33]} 19. Bb7 {[%clk 0:55:17]} Rcd8
{[%clk 0:36:41]} 20. Be5 {[%clk 0:55:07]} Bxe5 {[%clk 0:32:01]} 21. Rxe5
{[%clk 0:52:30]} Rfe8 {[%clk 0:30:27]} 22. Rc5 {[%clk 0:49:50]} Rb8
{[%clk 0:27:16]} 23. Bd5 {[%clk 0:36:02]} Rxb2 {[%clk 0:17:44]} 24. Rc7
{[%clk 0:36:10]} Rf8 {[%clk 0:18:02]} 25. a4 {[%clk 0:35:54]} Bc2
{[%clk 0:14:15]} 26. Ra1 {[%clk 0:35:10]} Bb3 {[%clk 0:13:25]} 27. Rc1
{[%clk 0:30:25]} Bxa4 {[%clk 0:10:16]} 28. Rxa7 {[%clk 0:30:42]} Bb3
{[%clk 0:10:04]} 29. Bxc4 {[%clk 0:30:58]} Bxc4 {[%clk 0:10:26]} 30. Rxc4
{[%clk 0:31:24]} Rb6 {[%clk 0:10:43]} 31. Rf4 {[%clk 0:31:45]} Kg7
{[%clk 0:11:08]} 32. Kg2 {[%clk 0:32:04]} Rf6 {[%clk 0:11:33]} 33. Rxf6
{[%clk 0:32:23]} Kxf6 {[%clk 0:11:58]} 34. Ra6+ {[%clk 0:32:46]} Kg7
{[%clk 0:12:22]} 35. Ra7 {[%clk 0:33:05]} Kf6 {[%clk 0:12:48]} 36. Ra6+
{[%clk 0:33:32]} Kg7 {[%clk 0:13:12]} 37. Ra7 {[%clk 0:33:56]} 1/2-1/2

[Event "imp"]
[Site "?"]
[Date "2015.03.30"]
[Round "7.9"]
[White "Grabarczyk, Miroslaw"]
[Black "Krysztofiak, Marcin"]
[Result "1-0"]
[LiveChessVersion "1.4.4"]
[BlackElo "2410"]
[WhiteElo "2433"]

1. d4 {[%clk 1:30:57]} Nf6 {[%clk 1:30:56]} 2. c4 {[%clk 1:31:17]} e6
{[%clk 1:31:22]} 3. Nf3 {[%clk 1:31:11]} d5 {[%clk 1:31:24]} 4. g3
{[%clk 1:31:17]} dxc4 {[%clk 1:31:50]} 5. Qa4+ {[%clk 1:31:31]} Nbd7
{[%clk 1:32:03]} 6. Bg2 {[%clk 1:30:20]} a6 {[%clk 1:32:11]} 7. Nc3
{[%clk 1:29:10]} Be7 {[%clk 1:32:00]} 8. Qxc4 {[%clk 1:26:50]} b5
{[%clk 1:30:44]} 9. Qd3 {[%clk 1:26:24]} Bb7 {[%clk 1:30:33]} 10. O-O
{[%clk 1:22:45]} c5 {[%clk 1:23:01]} 11. dxc5 {[%clk 1:12:44]} Nxc5
{[%clk 1:21:53]} 12. Qxd8+ {[%clk 1:12:38]} Rxd8 {[%clk 1:21:45]} 13. Be3
{[%clk 1:12:34]} O-O {[%clk 1:17:11]} 14. Rac1 {[%clk 1:08:29]} Rc8
{[%clk 1:14:12]} 15. Rfd1 {[%clk 1:01:44]} Ng4 {[%clk 0:57:48]} 16. Bd4
{[%clk 0:49:46]} f6 {[%clk 0:51:10]} 17. h3 {[%clk 0:28:51]} Nh6 {[%clk 0:51:22]}
18. Nd2 {[%clk 0:28:47]} Bxg2 {[%clk 0:48:32]} 19. Kxg2 {[%clk 0:29:06]} Nd7
{[%clk 0:40:49]} 20. Nb3 {[%clk 0:24:35]} Nf5 {[%clk 0:37:18]} 21. Ne4
{[%clk 0:21:32]} Rfd8 {[%clk 0:31:12]} 22. Bc3 {[%clk 0:17:35]} b4
{[%clk 0:16:17]} 23. Be1 {[%clk 0:17:21]} Rxc1 {[%clk 0:09:52]} 24. Rxc1
{[%clk 0:17:38]} Kf7 {[%clk 0:09:30]} 25. Rc7 {[%clk 0:09:51]} Ke8
{[%clk 0:08:32]} 26. Rb7 {[%clk 0:05:05]} Rc8 {[%clk 0:05:11]} 27. Bxb4
{[%clk 0:04:22]} Rc4 {[%clk 0:05:11]} 28. Bxe7 {[%clk 0:03:42]} Rxe4
{[%clk 0:05:38]} 29. Ba3 {[%clk 0:03:29]} Rxe2 {[%clk 0:05:51]} 30. g4
{[%clk 0:02:20]} Nh4+ {[%clk 0:06:07]} 31. Kf1 {[%clk 0:02:45]} Rc2
{[%clk 0:05:12]} 32. Ra7 {[%clk 0:01:50]} Ne5 {[%clk 0:03:55]} 33. Nd4
{[%clk 0:01:37]} Rd2 {[%clk 0:03:47]} 34. Nxe6 {[%clk 0:01:36]} 1-0

[Event "imp"]
[Site "?"]
[Date "2015.03.30"]
[Round "7.10"]
[White "Sadzikowski, Daniel"]
[Black "Skawinski, Arkadiusz"]
[Result "1-0"]
[LiveChessVersion "1.4.4"]
[BlackElo "2388"]
[WhiteElo "2500"]

1. c4 {[%clk 1:30:42]} c6 {[%clk 1:30:56]} 2. d4 {[%clk 1:31:06]} d5
{[%clk 1:31:23]} 3. Nc3 {[%clk 1:31:29]} Nf6 {[%clk 1:31:50]} 4. Nf3
{[%clk 1:31:52]} e6 {[%clk 1:32:16]} 5. g3 {[%clk 1:32:17]} dxc4 {[%clk 1:32:06]}
6. Bg2 {[%clk 1:32:43]} b5 {[%clk 1:30:58]} 7. Ne5 {[%clk 1:32:45]} Nd5
{[%clk 1:31:05]} 8. e4 {[%clk 1:31:34]} Nb4 {[%clk 1:28:23]} 9. a3
{[%clk 1:25:20]} Qxd4 {[%clk 1:12:29]} 10. axb4 {[%clk 1:25:43]} Qxe5
{[%clk 1:12:55]} 11. Bf4 {[%clk 1:26:05]} Qf6 {[%clk 1:13:17]} 12. e5
{[%clk 1:26:34]} Qe7 {[%clk 1:09:44]} 13. O-O {[%clk 1:18:10]} Qb7
{[%clk 0:51:48]} 14. Ne4 {[%clk 0:59:10]} Bxb4 {[%clk 0:34:52]} 15. Nd6+
{[%clk 0:36:16]} Bxd6 {[%clk 0:35:17]} 16. Qxd6 {[%clk 0:36:44]} h6
{[%clk 0:35:38]} 17. Rfd1 {[%clk 0:35:57]} Qd7 {[%clk 0:34:11]} 18. Qc5
{[%clk 0:30:28]} Qc7 {[%clk 0:33:52]} 19. Rd2 {[%clk 0:18:12]} a5
{[%clk 0:24:12]} 20. Rad1 {[%clk 0:17:56]} Bd7 {[%clk 0:24:32]} 21. Be3
{[%clk 0:07:09]} Ra6 {[%clk 0:10:21]} 22. g4 {[%clk 0:07:35]} Kd8
{[%clk 0:09:41]} 23. g5 {[%clk 0:06:30]} h5 {[%clk 0:07:36]} 24. g6
{[%clk 0:06:39]} fxg6 {[%clk 0:07:55]} 25. Bh3 {[%clk 0:04:07]} Re8
{[%clk 0:02:59]} 26. Bxe6 {[%clk 0:03:44]} Rxe6 {[%clk 0:03:10]} 27. Qf8+
{[%clk 0:04:03]} Re8 {[%clk 0:03:39]} 28. Rxd7+ {[%clk 0:04:24]} Qxd7
{[%clk 0:03:58]} 29. Rxd7+ {[%clk 0:04:15]} Kxd7 {[%clk 0:04:27]} 30. Qf7+
{[%clk 0:04:15]} 1-0

[Event "imp"]
[Site "?"]
[Date "2015.03.30"]
[Round "7.11"]
[White "Maksimenko, Andrei"]
[Black "Przybylski, Wojciech"]
[Result "1/2-1/2"]
[LiveChessVersion "1.4.4"]
[BlackElo "2378"]
[WhiteElo "2495"]

1. Nf3 {[%clk 1:30:55]} Nf6 {[%clk 1:30:43]} 2. c4 {[%clk 1:31:11]} b6
{[%clk 1:29:57]} 3. Nc3 {[%clk 1:30:01]} e6 {[%clk 1:29:24]} 4. e4
{[%clk 1:29:35]} Bb7 {[%clk 1:29:19]} 5. Bd3 {[%clk 1:24:49]} d6 {[%clk 1:24:36]}
6. Bc2 {[%clk 1:22:48]} Be7 {[%clk 1:12:54]} 7. d4 {[%clk 1:21:40]} O-O
{[%clk 1:02:54]} 8. O-O {[%clk 1:15:50]} Nbd7 {[%clk 0:54:29]} 9. d5
{[%clk 1:07:05]} Ne5 {[%clk 0:39:50]} 10. dxe6 {[%clk 0:51:04]} Nxf3+
{[%clk 0:28:05]} 11. Qxf3 {[%clk 0:51:04]} fxe6 {[%clk 0:28:33]} 12. Qe2
{[%clk 0:51:20]} e5 {[%clk 0:26:08]} 13. Be3 {[%clk 0:47:12]} Nd7
{[%clk 0:15:30]} 14. b4 {[%clk 0:41:57]} Bg5 {[%clk 0:11:21]} 15. Bxg5
{[%clk 0:32:56]} Qxg5 {[%clk 0:11:49]} 16. Ba4 {[%clk 0:33:20]} c6
{[%clk 0:06:12]} 17. Rad1 {[%clk 0:31:58]} Rf6 {[%clk 0:06:07]} 18. Rd3
{[%clk 0:28:42]} Nf8 {[%clk 0:05:13]} 19. Rg3 {[%clk 0:26:36]} Qh6
{[%clk 0:05:30]} 20. c5 {[%clk 0:26:55]} Kh8 {[%clk 0:04:45]} 21. Bb3
{[%clk 0:25:34]} bxc5 {[%clk 0:00:38]} 22. bxc5 {[%clk 0:25:59]} Nd7
{[%clk 0:00:34]} 23. cxd6 {[%clk 0:16:56]} Rxd6 {[%clk 0:01:03]} 24. Rf3
{[%clk 0:17:23]} Nc5 {[%clk 0:00:34]} 25. Qc4 {[%clk 0:13:16]} Ba6
{[%clk 0:00:35]} 26. Qf7 {[%clk 0:06:51]} Rf6 {[%clk 0:01:04]} 27. Rxf6
{[%clk 0:05:36]} Qxf6 {[%clk 0:01:33]} 28. Rd1 {[%clk 0:06:01]} Qxf7
{[%clk 0:00:47]} 29. Bxf7 {[%clk 0:06:29]} Bd3 {[%clk 0:00:33]} 30. f3
{[%clk 0:06:31]} Rf8 {[%clk 0:00:42]} 31. Bb3 {[%clk 0:06:17]} h6
{[%clk 0:00:34]} 32. Ba4 {[%clk 0:03:46]} Rf6 33. Rc1 {[%clk 0:03:16]} Rd6
{[%clk 0:00:37]} 34. Bd1 {[%clk 0:02:42]} Ne6 {[%clk 0:00:40]} 35. Kf2
{[%clk 0:02:02]} Kh7 {[%clk 0:00:33]} 36. Ke3 {[%clk 0:01:54]} Kg6
{[%clk 0:00:35]} 37. g3 {[%clk 0:01:17]} Kf6 {[%clk 0:00:40]} 38. f4
{[%clk 0:01:17]} g5 {[%clk 0:00:35]} 39. f5 {[%clk 0:00:57]} Nc5 {[%clk 0:00:48]}
40. Bb3 {[%clk 0:30:36]} Rd4 {[%clk 0:30:33]} 41. Bd5 Bc4 42. Bxc4 Rxc4 43. g4 h5
44. gxh5 Kg7 45. Ne2 Rxe4+ 46. Kd2 Nd7 47. Rxc6 Nf6 48. h6+ Kf7 49. Rc7+ Kf8 50.
Rxa7 Rh4 51. a4 Rxh2 52. a5 Rxh6 53. a6 Ne4+ 54. Ke3 Nd6 55. Ra8+ Kf7 56. a7
Nxf5+ 57. Ke4 Nd6+ 58. Kf3 Rh3+ 59. Kg2 Ra3 60. Rd8 Rxa7 61. Rxd6 Ra2 62. Kf2 Ra3
63. Ng3 Ra4 64. Nf1 Rf4+ 65. Ke2 g4 66. Rh6 Kg7 67. Re6 Re4+ 68. Ne3 Kf7 69. Rh6
Rf4 70. Rh5 Re4 71. Rh6 Kg7 72. Rc6 Kf7 73. Kf2 Rf4+ 74. Kg2 Re4 75. Nc4 Ke7 76.
Nb6 Rd4 77. Kg3 Re4 78. Nd5+ Kd7 79. Ra6 Re1 80. Kxg4 Rf1 81. Kg5 Rf2 82. Nf6+
Ke7 83. Ng4 Rf1 84. Nxe5 Rg1+ 85. Kh6 Rg2 86. Ng6+ Kf7 87. Kh5 Rg1 88. Ne5+ Ke7
89. Ng4 Re1 90. Kg5 Rf1 91. Ne3 Re1 92. Kf4 Kd7 93. Nc4 Ke7 94. Nd6 Ke6 95. Ne4+
Kd5 96. Rd6+ Kc4 97. Ke5 Rh1 98. Rc6+ Kb5 99. Rc8 Kb6 100. Nf6 Kb5 101. Rc2 Kb6
102. Kd6 Kb5 103. Kd5 Rd1+ 104. Ke5 Rh1 105. Ne4 Rh5+ 106. Kd4 Rh1 107. Nd6+ Kb6
108. Nc8+ Kb5 109. Nd6+ Kb6 110. Nf5 Rd1+ 111. Ke5 Rh1 112. Kd5 Rh5 113. Rb2+ Kc7
114. Ke6 Rh1 115. Rb3 Kc6 116. Rc3+ Kb5 117. Kd5 Rh5 118. Rf3 Kb4 119. Kd4 Rh8
120. Rf1 Rd8+ 121. Ke4 Re8+ 122. Kd3 Rh8 123. Rc1 Rh3+ 124. Kd4 Kb5 125. Kd5 Kb4
126. Rc4+ Kb3 127. Nd4+ Kb2 128. Rc2+ Kb1 129. Kc4 Rh8 130. Rg2 Kc1 131. Rf2 Kd1
132. Kd3 Kc1 133. Nb3+ Kb1 134. Nd2+ Kb2 135. Nc4+ Kb3 136. Rb2+ Ka4 137. Rb1
Rd8+ 138. Kc3 Rd3+ 139. Kxd3 1/2-1/2

[Event "imp"]
[Site "?"]
[Date "2015.04.01"]
[Round "8.1"]
[White "Dragun, Kamil"]
[Black "Gajewski, Grzegorz"]
[Result "1/2-1/2"]
[LiveChessVersion "1.4.4"]
[BlackElo "2648"]
[WhiteElo "2558"]

1. d4 {[%clk 1:30:57]} Nf6 {[%clk 1:30:52]} 2. c4 {[%clk 1:31:21]} e6
{[%clk 1:31:19]} 3. Nc3 {[%clk 1:31:43]} Bb4 {[%clk 1:30:51]} 4. e3
{[%clk 1:32:06]} O-O {[%clk 1:31:12]} 5. Bd3 {[%clk 1:32:31]} d5 {[%clk 1:31:28]}
6. Nf3 {[%clk 1:32:54]} b6 {[%clk 1:25:28]} 7. O-O {[%clk 1:33:12]} Ba6
{[%clk 1:25:48]} 8. cxd5 {[%clk 1:33:32]} exd5 {[%clk 1:26:13]} 9. Bxa6
{[%clk 1:33:59]} Nxa6 {[%clk 1:26:37]} 10. Qa4 {[%clk 1:34:22]} Qc8
{[%clk 1:26:52]} 11. Bd2 {[%clk 1:34:46]} Re8 {[%clk 1:25:06]} 12. Rac1
{[%clk 1:35:06]} Bf8 {[%clk 1:25:15]} 13. Ne2 {[%clk 1:35:30]} Bd6
{[%clk 1:14:17]} 14. b4 {[%clk 1:29:20]} c5 {[%clk 1:07:07]} 15. dxc5
{[%clk 1:22:52]} bxc5 {[%clk 1:06:57]} 16. Rfd1 {[%clk 1:12:02]} Ne4
{[%clk 1:01:56]} 17. Bc3 {[%clk 0:49:51]} Qe6 {[%clk 1:00:08]} 18. bxc5
{[%clk 0:49:40]} Naxc5 {[%clk 0:52:11]} 19. Qd4 {[%clk 0:50:04]} Qh6
{[%clk 0:52:33]} 20. Ng3 {[%clk 0:36:35]} Bxg3 {[%clk 0:50:20]} 21. hxg3
{[%clk 0:37:03]} Nxf2 {[%clk 0:43:37]} 22. Kxf2 {[%clk 0:28:10]} Ne4+
{[%clk 0:43:59]} 23. Kg1 {[%clk 0:28:33]} Nxg3 {[%clk 0:44:13]} 24. Kf2
{[%clk 0:28:07]} Ne4+ {[%clk 0:44:06]} 25. Kg1 {[%clk 0:28:36]} Ng3
{[%clk 0:44:20]} 26. Kf2 {[%clk 0:14:17]} Ne4+ {[%clk 0:44:43]} 27. Kg1
{[%clk 0:14:42]} Ng3 1/2-1/2